<?xml version="1.0" encoding="UTF-8"?><?xml-stylesheet type="text/xsl" href="static/style.xsl"?><OAI-PMH xmlns="http://www.openarchives.org/OAI/2.0/" xmlns:xsi="http://www.w3.org/2001/XMLSchema-instance" xsi:schemaLocation="http://www.openarchives.org/OAI/2.0/ http://www.openarchives.org/OAI/2.0/OAI-PMH.xsd"><responseDate>2026-04-18T07:57:48Z</responseDate><request verb="GetRecord" identifier="oai:www.recercat.cat:10256/19527" metadataPrefix="marc">https://recercat.cat/oai/request</request><GetRecord><record><header><identifier>oai:recercat.cat:10256/19527</identifier><datestamp>2024-06-14T09:45:01Z</datestamp><setSpec>com_2072_452955</setSpec><setSpec>com_2072_2054</setSpec><setSpec>col_2072_453064</setSpec></header><metadata><record xmlns="http://www.loc.gov/MARC21/slim" xmlns:dcterms="http://purl.org/dc/terms/" xmlns:xsi="http://www.w3.org/2001/XMLSchema-instance" xmlns:doc="http://www.lyncode.com/xoai" xsi:schemaLocation="http://www.loc.gov/MARC21/slim http://www.loc.gov/standards/marcxml/schema/MARC21slim.xsd">
   <leader>00925njm 22002777a 4500</leader>
   <datafield ind2=" " ind1=" " tag="042">
      <subfield code="a">dc</subfield>
   </datafield>
   <datafield ind2=" " ind1=" " tag="720">
      <subfield code="a">González i Planas, Francesc</subfield>
      <subfield code="e">author</subfield>
   </datafield>
   <datafield ind2=" " ind1=" " tag="260">
      <subfield code="c">2002-01-01</subfield>
   </datafield>
   <datafield ind2=" " ind1=" " tag="520">
      <subfield code="a">El catalán y el asturiano son dos lenguas de la Península Ibérica en pleno proceso de normalización lingüística. En algunos territorios, el catalán cuenta con un apoyo institucional sólo comparable al del francés en el Quebec o al del neerlandés en Flandes. Por el contrario, el asturiano aún no cuenta con un apoyo institucional importante, y el poco que tiene no va más allá de una simple y triste protección folclórica. El proceso de codificación del catalán moderno se inició a principios del siglo XX con la reforma ortográfica y gramatical de Pompeu Fabra; y en la actualidad, el Institut d'Estudis Catalans sigue en ello en torno a temas más formales de estandarización oral. A pesar que el proceso de normativización de la lengua escrita está prácticamente finalizado  aún quedan por definir algunos aspectos gramaticales , existen numerosos problemas de tipo sociolingüístico como el movimiento secesionista valenciano o la falta de reconocimiento oficial en algunos territorios como Aragón, Francia, L'Alguer (Cerdeña) o Murcia. El proceso de codificación del asturiano se inició en Asturias a mediados de la década de 1970, y dio sus primeros frutos en la década de 1980 con la creación de la Academia de la Llingua Asturiana. En la actualidad, el asturiano cuenta con una ortografía, una gramática y un diccionario normativos; pero los retos del siglo XXI  paralelamente a los de tipo social  serán cómo adecuar la diversidad dialectal a la norma lingüística. La actual ortografía propone grafías que permiten representar las distintas soluciones dialectales, soluciones que no contempla ni la gramática ni el diccionario normativos. La situación de ambas lenguas  diversidad dialectal, situación sociolingüística, etc.  difiere enormemente, pero son numerosos los aspectos en la codificación lingüística que permiten compartir experiencias y métodos de actuación</subfield>
   </datafield>
   <datafield ind1="8" ind2=" " tag="024">
      <subfield code="a">http://hdl.handle.net/10256/19527</subfield>
   </datafield>
   <datafield tag="653" ind2=" " ind1=" ">
      <subfield code="a">Normalització lingüística</subfield>
   </datafield>
   <datafield tag="653" ind2=" " ind1=" ">
      <subfield code="a">Català</subfield>
   </datafield>
   <datafield tag="653" ind2=" " ind1=" ">
      <subfield code="a">Asturià</subfield>
   </datafield>
   <datafield tag="653" ind2=" " ind1=" ">
      <subfield code="a">Language standardization</subfield>
   </datafield>
   <datafield tag="653" ind2=" " ind1=" ">
      <subfield code="a">Catalan language</subfield>
   </datafield>
   <datafield tag="653" ind2=" " ind1=" ">
      <subfield code="a">Asturian language</subfield>
   </datafield>
   <datafield ind2="0" ind1="0" tag="245">
      <subfield code="a">Los Conceptos de 'codificación' y 'estandarización' según las experiencias catalana y asturiana</subfield>
   </datafield>
</record></metadata></record></GetRecord></OAI-PMH>